[Event "Asian Zonal-ch 3.5 Women 2019"]
[Site "Zi Bo"]
[Date "2019.09.07"]
[Round "4.1"]
[White "Lei, Tingjie"]
[Black "Zhu, Jiner"]
[Result "0-1"]
[WhiteElo "2483"]
[BlackElo "2471"]
[Annotator "TA"]
[PlyCount "92"]
[EventDate "2019.09.05"]
[EventType "swiss"]
[EventCountry "CHN"]
[SourceTitle "playchess.com"]
[Source "ChessBase"]
[SourceQuality "1"]

{[%evp 19,121,57,42,18,30,20,37,27,112,0,14,0,0,-31,-39,-50,-40,-36,-41,-67,-66,-96,-97,-94,-112,-107,-106,-119,-122,-155,-168,-150,-112,-99,-101,-124,-11,-368,-331,-415,-427,-420,-422,-414,-414,-436,-263,-256,-245,-262,-252,-260,-177,-177,-139,-135,-129,-269,-263,-252,-260,-280,-279,-272,-274,-347,-334,-308,-252,-239,-234,-279,-287,-323,-323,-323,-323,-572,-385,-359,-359,-356,-345,-300,-290,-618,-610,-947,-335,-324,-275,-424,-424,-431,-430,-1004,-1004,-986,-987,-986,-984,-954,-806,-29999]} 1. e4 e5 2. Nf3 Nc6 3. Bb5 g6 4. c3 a6 5. Ba4 d6 6. d4 Bd7 7. O-O Bg7 8. dxe5 dxe5 9. Bg5 f6 10. Be3 Nh6 11. Qc1 {C76: Ruy Lopez: Deferred Steinitz: 5 c3 Bd7 6 d4 g6} (11. Bc5 Bf8 12. Bxf8 Kxf8 13. Qd2 Nf7 14. Rd1 Be8 15. Qxd8 Ncxd8 16. Bxe8 Kxe8 17. Nbd2 Nd6 18. Ne1 a5 {½-½ (29) Harikrishna,P (2744)-Mamedyarov,S (2799) Riadh 2017}) 11... Nf7 12. Rd1 Qe7 $146 ({Predecessor:} 12... O-O 13. Bxc6 bxc6 14. Nbd2 Qc8 15. Ne1 Nd8 16. Nb3 Ne6 17. Nd3 f5 18. Ndc5 Be8 {0-1 (51) Ott,F (2265)-Biro,S (2380) Kecskemet 1990}) 13. b4 {White is slightly better.} b6 {[#]} (13... f5 $11 {remains equal.}) 14. Bb3 (14. c4 $1 $16) 14... O-O 15. a4 (15. Bd5 {keeps more tension.} Kh8 16. Qc2 f5 17. a4 Nd6 18. Na3) 15... Be6 16. Bd5 Bxd5 17. exd5 Nb8 18. a5 Nd7 19. Nbd2 f5 20. Re1 Qd6 21. axb6 cxb6 22. Nc4 Qc7 23. Nb2 Rfc8 24. c4 {[#]} Qd6 $1 25. b5 axb5 {Threatens to win with ...Ra5.} 26. Rxa8 Rxa8 27. cxb5 {next Qc6 is good for White.} e4 (27... f4 $17 28. Bd2 Qc5) 28. Nd4 $2 {[%mdl 8192]} (28. Qc6 $11 {and White stays safe.} Qxc6 29. dxc6 Bxb2 30. cxd7) 28... f4 29. Qc6 Qxc6 30. dxc6 fxe3 31. fxe3 Nde5 32. Rd1 Bf6 33. Ne6 {[#]} Nxc6 $1 {[%mdl 512]} 34. bxc6 {And now Nc4 would win.} Bxb2 35. c7 Bf6 36. Rb1 Be5 {Hoping for ...Rc8.} 37. Rxb6 Rc8 38. Rc6 (38. Rb5 $17 {was the only chance.}) 38... Nd6 $19 39. Rc5 Bf6 40. Nf4 Kf7 41. Nd5 {intending Nb6.} Ne8 42. Rc4 Ke6 43. Nf4+ Kd6 44. Rxe4 Nxc7 45. Ra4 Ra8 46. Rb4 Ra3 {Played: Nc7-d5} 0-1

[Event "Asian Zonal-ch 3.5 Women 2019"]
[Site "Zi Bo"]
[Date "2019.09.07"]
[Round "4.2"]
[White "Li, Yunshan"]
[Black "Zhai, Mo"]
[Result "0-1"]
[WhiteElo "2261"]
[BlackElo "2360"]
[Annotator "RC"]
[PlyCount "76"]
[EventDate "2019.09.05"]
[EventType "swiss"]
[EventCountry "CHN"]
[SourceTitle "playchess.com"]
[Source "ChessBase"]
[SourceQuality "1"]
[TimeControl "5400+30"]

1. d4 {[%emt 0:00:00]} Nf6 {[%emt 0:00:00]} 2. c4 {[%emt 0:00:00]} e6 {[%emt 0:00:00]} 3. Nc3 {[%emt 0:00:10]} Bb4 {[%emt 0:00:00]} 4. Nf3 {[%emt 0:00:24]} O-O {[%emt 0:00:17]} 5. e3 {[%emt 0:00:56]} d5 {[%emt 0:00:17]} 6. Bd2 {[%emt 0:00:42]} b6 {[%emt 0:00:48]} 7. cxd5 {[%emt 0:00:40]} exd5 {[%emt 0:00:07]} 8. Rc1 {[%emt 0:00:19]} a6 {[%emt 0:02:00]} 9. Bd3 {[%emt 0:01:22]} Bb7 {[%emt 0:00:25]} 10. O-O {[%emt 0:00:53]} Bd6 {[%emt 0:00:29]} 11. Ne5 {[%emt 0:00:56]} c5 {[%emt 0:00:09]} 12. f4 {[%emt 0:04:15]} Nc6 {[%emt 0:00:24]} 13. Ng4 {[%emt 0:10:07]} Nxg4 {[%emt 0:05:49]} 14. Qxg4 {[%emt 0:00:09]} c4 {[%emt 0:00:46]} 15. Bb1 {[%emt 0:02:22]} Ne7 {[%emt 0:00:11]} 16. f5 {[%emt 0:19:11]} f6 {[%emt 0:01:47]} 17. Rf3 {[%emt 0:05:26]} b5 {[%emt 0:04:05]} 18. Rh3 {[%emt 0:01:37]} Rf7 {[%emt 0:03:48]} 19. e4 {[%emt 0:04:41]} Qb6 {[%emt 0:10:31]} 20. exd5 {[%emt 0:09:37]} Nxd5 {[%emt 0:20:07]} 21. Qh4 {[%emt 0:00:43]} Kf8 {[%emt 0:03:47]} 22. Nxd5 {[%emt 0:06:29]} Bxd5 {[%emt 0:00:30]} 23. Qxh7 {[%emt 0:03:53]} Qxd4+ {[%emt 0:03:29]} 24. Be3 {[%emt 0:00:10]} Qxb2 {[%emt 0:09:03]} 25. Qg6 {[%emt 0:00:42]} Re8 {[%emt 0:06:48]} 26. Re1 {[%emt 0:13:04]} Re5 {[%emt 0:03:50]} 27. Qg3 {[%emt 0:07:34]} Rfe7 {[%emt 0:08:45]} 28. Rh8+ {[%emt 0:00:48]} Bg8 {[%emt 0:00:06]} 29. Rd1 {[%emt 0:01:01]} c3 {[%emt 0:03:43]} 30. h4 {[%emt 0:03:17]} Bc7 {[%emt 0:07:54]} 31. Bf4 {[%emt 0:02:39]} c2 {[%emt 0:00:17]} 32. Bxc2 {[%emt 0:00:13]} Qxc2 {[%emt 0:00:04]} 33. Rf1 {[%emt 0:00:32]} Rxf5 {[%emt 0:01:12]} 34. Qf3 {[%emt 0:00:46]} Bxf4 {[%emt 0:02:44]} 35. Qa8+ {[%emt 0:00:22]} Re8 {[%emt 0:00:07]} 36. Rxg8+ {[%emt 0:00:35]} Kxg8 {[%emt 0:00:02]} 37. Qxe8+ {[%emt 0:00:03]} Kh7 {[%emt 0:00:08]} 38. Rf3 {[%emt 0:01:21]} Re5 {[%emt 0:01:30]} 0-1

[Event "Asian Zonal-ch 3.5 Women 2019"]
[Site "Zi Bo"]
[Date "2019.09.07"]
[Round "4.3"]
[White "Huang, Qian"]
[Black "Gu, Tianlu"]
[Result "1/2-1/2"]
[WhiteElo "2429"]
[BlackElo "2239"]
[Annotator "TA"]
[PlyCount "132"]
[EventDate "2019.09.05"]
[EventType "swiss"]
[EventCountry "CHN"]
[SourceTitle "playchess.com"]
[Source "ChessBase"]
[SourceQuality "1"]

{[%evp 21,132,43,70,68,64,45,78,68,81,34,56,62,64,39,84,58,73,51,52,42,37,39,36,37,43,44,64,39,66,75,60,67,87,0,63,41,100,60,55,46,68,26,56,63,66,67,522,100,111,61,314,18,18,18,12,18,18,18,18,10,18,14,18,18,18,18,18,18,31,43,55,44,81,73,70,81,80,80,80,0,0,0,0,0,0,0,0,0,0,0,0,0,0,0,0,0,0,0,0,0,0,0,0,0,0,0,0,0,0,0,0,0,592]} 1. c4 e6 2. g3 Nf6 3. Bg2 d5 4. Nf3 c5 5. O-O Nc6 6. cxd5 Nxd5 7. Nc3 Be7 8. d4 cxd4 9. Nxd5 exd5 10. Nxd4 O-O 11. Be3 Bf6 12. Rc1 {A34: Symmetrical English: 2 Nc3, lines with ...d5} Be6 (12... Ne7 13. Qd2 Be6 14. Bg5 Bxg5 15. Qxg5 Qd7 16. Qe3 Rfc8 17. Rxc8+ Qxc8 18. Rc1 Nc6 19. b4 Qd7 20. Nxc6 bxc6 {1-0 (28) Gabuzyan,H (2457)-Kotanjian,T (2522) Jermuk 2012}) 13. Qd2 Qd7 14. Rfd1 {White is better.} Rfd8 $146 ({Predecessor:} 14... Rac8 15. b3 Rfe8 16. Nxc6 bxc6 17. Bc5 Be7 18. e4 Red8 19. exd5 Bxc5 20. Rxc5 cxd5 21. Rxc8 Qxc8 {0-1 (57) Schmitt,P (2048)-Kahleys,K (2006) playchess.com INT 2009}) 15. b3 Rac8 16. Nxc6 bxc6 17. Qa5 Ra8 18. Rd2 Rdc8 19. Qa6 Bf5 20. h4 h6 21. Bf4 g5 22. hxg5 hxg5 23. Be3 {And now Bxd5! would win.} Qe6 24. Qa4 (24. Bd4 $5 {[%cal Rd4f6]}) 24... Be7 25. Bc5 Bf6 26. Bd4 Be7 27. Bc5 Bf6 $1 28. e3 Kh7 (28... a5 $14) 29. b4 a6 30. Qd1 Kg6 31. Qe2 {White wants to play e4!} g4 32. Bd4 Be7 33. Bc3 Bd6 $2 {[%mdl 8192] [#]} (33... Kh7 $14) 34. Re1 $2 (34. e4 $1 $18 {[%mdl 512]}) 34... Re8 35. a4 {Threatens to win with e4!} Rab8 $2 {[%mdl 8192] [#]} (35... f6 $14) 36. Qxa6 $2 (36. e4 $1 $18 {[%mdl 512]}) 36... Bxb4 $11 37. Bxb4 Rxb4 38. Rc1 Rc8 39. a5 c5 40. Qe2 Be4 41. Bxe4+ Qxe4 42. Qd3 Qxd3 43. Rxd3 {[%mdl 4096] Endgame KRR-KRR} Ra4 44. Rxd5 Rxa5 45. Rc4 f5 46. e4 fxe4 47. Rxe4 Ra1+ 48. Kg2 c4 49. Rxg4+ Kf6 {[#]} 50. Rd2 ({White should play} 50. Rd6+ $1 $16 Kf7 51. Rgd4) 50... c3 {The position is equal.} 51. Rc2 Ke5 52. Kf3 Re1 53. Rf4 Kd5 54. g4 Rc4 55. Rf8 Rc6 56. Rf4 Rc4 57. g5 Rxf4+ 58. Kxf4 {KR-KR} Kd4 59. g6 Kd3 60. Rxc3+ Kxc3 {KR-KPP} 61. Kf5 Kd4 62. f4 Rg1 63. Kf6 $1 Ke4 64. f5 Rf1 65. g7 Rxf5+ 66. Kg6 Ke5 $2 {[%mdl 40960] Accuracy: White = 57%, Black = 40%. . An unexpected result.} (66... Rf1 $11) 1/2-1/2

[Event "Asian Zonal-ch 3.5 Women 2019"]
[Site "Zi Bo"]
[Date "2019.09.07"]
[Round "4.4"]
[White "Yan, Tianqi"]
[Black "Li, Xueyi"]
[Result "1-0"]
[WhiteElo "2122"]
[BlackElo "2323"]
[Annotator "ChessBase"]
[PlyCount "103"]
[EventDate "2019.09.05"]
[EventType "swiss"]
[EventCountry "CHN"]
[SourceTitle "playchess.com"]
[Source "ChessBase"]
[SourceQuality "1"]
[TimeControl "5400+30"]

1. e4 {[%emt 0:00:00]} c6 {[%emt 0:00:00]} 2. d4 {[%emt 0:00:00]} d5 {[%emt 0:00:00]} 3. exd5 {[%emt 0:00:00]} cxd5 {[%emt 0:00:00]} 4. c4 {[%emt 0:00:00]} Nf6 {[%emt 0:00:00]} 5. Nc3 {[%emt 0:00:05]} Nc6 {[%emt 0:00:54]} 6. Nf3 {[%emt 0:00:13]} Bg4 {[%emt 0:08:17]} 7. cxd5 {[%emt 0:00:26]} Nxd5 {[%emt 0:00:48]} 8. Qb3 {[%emt 0:00:13]} Nb6 {[%emt 0:01:40]} 9. Ne5 {[%emt 0:08:32]} Be6 {[%emt 0:05:47]} 10. Qb5 {[%emt 0:07:17]} Rc8 {[%emt 0:15:06]} 11. Be3 {[%emt 0:06:52]} f6 {[%emt 0:09:45]} 12. Nxc6 {[%emt 0:10:32]} bxc6 {[%emt 0:00:12]} 13. Qa6 {[%emt 0:01:52]} Rc7 {[%emt 0:01:24]} 14. Be2 {[%emt 0:03:45]} g6 {[%emt 0:03:07]} 15. Rc1 {[%emt 0:29:35]} Bg7 {[%emt 0:02:01]} 16. O-O {[%emt 0:02:10]} O-O {[%emt 0:01:13]} 17. Rfd1 {[%emt 0:00:15]} Bf7 {[%emt 0:04:24]} 18. Bf3 {[%emt 0:04:16]} Nc4 {[%emt 0:06:10]} 19. Bf4 {[%emt 0:07:00]} Qc8 {[%emt 0:11:55]} 20. Qxc8 {[%emt 0:00:51]} Rcxc8 {[%emt 0:01:17]} 21. Na4 {[%emt 0:01:56]} g5 {[%emt 0:05:08]} 22. Bg3 {[%emt 0:02:14]} f5 {[%emt 0:00:55]} 23. b3 {[%emt 0:02:34]} Nb6 {[%emt 0:07:03]} 24. Nxb6 {[%emt 0:00:33]} axb6 {[%emt 0:00:01]} 25. h4 {[%emt 0:00:27]} f4 {[%emt 0:06:35]} 26. Bh2 {[%emt 0:00:03]} gxh4 {[%emt 0:03:09]} 27. Rxc6 {[%emt 0:01:23]} Rxc6 {[%emt 0:02:26]} 28. Bxc6 {[%emt 0:00:04]} Bg6 {[%emt 0:00:48]} 29. d5 {[%emt 0:01:22]} Be5 {[%emt 0:00:10]} 30. f3 {[%emt 0:02:07]} Bh5 {[%emt 0:00:40]} 31. Kf2 {[%emt 0:02:39]} Bd6 {[%emt 0:01:21]} 32. Rh1 {[%emt 0:01:33]} Bg6 {[%emt 0:00:11]} 33. Bg1 {[%emt 0:01:10]} h3 {[%emt 0:01:14]} 34. gxh3 {[%emt 0:00:20]} Bb1 {[%emt 0:00:12]} 35. a4 {[%emt 0:00:22]} Bc2 {[%emt 0:00:36]} 36. Kg2 {[%emt 0:01:50]} Bc7 {[%emt 0:00:42]} 37. Bd4 {[%emt 0:01:36]} Rf5 {[%emt 0:00:44]} 38. Rc1 {[%emt 0:00:38]} Rg5+ {[%emt 0:00:57]} 39. Kf2 {[%emt 0:00:19]} Bf5 {[%emt 0:00:37]} 40. h4 {[%emt 0:00:34]} Rg3 {[%emt 0:00:40]} 41. Bb7 {[%emt 0:00:24]} Bd6 {[%emt 0:00:26]} 42. Bxb6 {[%emt 0:00:14]} Rh3 {[%emt 0:00:11]} 43. Rg1+ {[%emt 0:00:18]} Kf7 {[%emt 0:00:21]} 44. a5 {[%emt 0:00:06]} Bg6 {[%emt 0:00:33]} 45. Bc8 {[%emt 0:01:50]} Rh2+ {[%emt 0:00:20]} 46. Rg2 {[%emt 0:00:04]} Rh1 {[%emt 0:00:04]} 47. a6 {[%emt 0:00:19]} Bd3 {[%emt 0:00:53]} 48. Rg5 {[%emt 0:00:41]} e5 {[%emt 0:00:48]} 49. dxe6+ {[%emt 0:00:32]} Ke7 {[%emt 0:00:21]} 50. a7 {[%emt 0:00:20]} Rh2+ {[%emt 0:01:59]} 51. Rg2 {[%emt 0:00:57]} Rh1 {[%emt 0:00:04]} 52. Rg7+ {[%emt 0:00:04]} 1-0

[Event "Asian Zonal-ch 3.5 Women 2019"]
[Site "Zi Bo"]
[Date "2019.09.07"]
[Round "4.5"]
[White "Bai, Xue"]
[Black "Hu, Yu A."]
[Result "1-0"]
[WhiteElo "2093"]
[BlackElo "2105"]
[Annotator "ChessBase"]
[PlyCount "75"]
[EventDate "2019.09.05"]
[EventType "swiss"]
[EventCountry "CHN"]
[SourceTitle "playchess.com"]
[Source "ChessBase"]
[SourceQuality "1"]
[TimeControl "5400+30"]

1. e4 {[%emt 0:00:00]} c5 {[%emt 0:01:46]} 2. Nf3 {[%emt 0:00:00]} d6 {[%emt 0:00:48]} 3. d4 {[%emt 0:00:00]} cxd4 {[%emt 0:00:08]} 4. Nxd4 {[%emt 0:00:00]} Nf6 {[%emt 0:00:06]} 5. Nc3 {[%emt 0:00:00]} a6 {[%emt 0:00:05]} 6. g3 {[%emt 0:00:00]} e6 {[%emt 0:01:22]} 7. Bg2 {[%emt 0:00:20]} Be7 {[%emt 0:04:20]} 8. O-O {[%emt 0:00:10]} O-O {[%emt 0:00:18]} 9. Re1 {[%emt 0:01:14]} Bd7 {[%emt 0:08:32]} 10. Be3 {[%emt 0:08:43]} Nc6 {[%emt 0:00:14]} 11. h3 {[%emt 0:01:06]} Rc8 {[%emt 0:06:08]} 12. a4 {[%emt 0:02:38]} Ne5 {[%emt 0:03:17]} 13. Nce2 {[%emt 0:06:37]} Nc4 {[%emt 0:12:35]} 14. Bc1 {[%emt 0:00:39]} b5 {[%emt 0:08:10]} 15. b3 {[%emt 0:00:37]} Ne5 {[%emt 0:04:05]} 16. axb5 {[%emt 0:00:28]} axb5 {[%emt 0:00:03]} 17. Bd2 {[%emt 0:03:05]} Qb6 {[%emt 0:00:37]} 18. Be3 {[%emt 0:01:35]} Qb8 {[%emt 0:00:19]} 19. f4 {[%emt 0:02:29]} Nc6 {[%emt 0:00:06]} 20. Qd3 {[%emt 0:01:34]} e5 {[%emt 0:04:34]} 21. Nxc6 {[%emt 0:01:12]} Bxc6 {[%emt 0:02:53]} 22. c4 {[%emt 0:01:09]} Nd7 {[%emt 0:03:08]} 23. Nc3 {[%emt 0:01:13]} bxc4 {[%emt 0:00:51]} 24. bxc4 {[%emt 0:00:03]} Nc5 {[%emt 0:00:08]} 25. Bxc5 {[%emt 0:04:44]} dxc5 {[%emt 0:00:06]} 26. Nd5 {[%emt 0:00:35]} Bxd5 {[%emt 0:00:31]} 27. exd5 {[%emt 0:00:02]} Bd6 {[%emt 0:06:13]} 28. f5 {[%emt 0:03:34]} e4 {[%emt 0:01:07]} 29. Rxe4 {[%emt 0:00:08]} Bxg3 {[%emt 0:00:03]} 30. Rb1 {[%emt 0:02:15]} Qd6 {[%emt 0:00:27]} 31. Qe3 {[%emt 0:02:37]} Rb8 {[%emt 0:08:05]} 32. Rf1 {[%emt 0:00:10]} Bh2+ {[%emt 0:02:45]} 33. Kh1 {[%emt 0:00:08]} Qg3 {[%emt 0:00:39]} 34. Rf3 {[%emt 0:04:03]} Rb1+ {[%emt 0:01:26]} 35. Bf1 {[%emt 0:00:08]} Qd6 {[%emt 0:03:19]} 36. Qe2 {[%emt 0:02:51]} Bg3 {[%emt 0:00:26]} 37. f6 {[%emt 0:01:49]} Re1 {[%emt 0:00:22]} 38. Qd2 {[%emt 0:02:20]} 1-0

[Event "Asian Zonal-ch 3.5 Women 2019"]
[Site "Zi Bo"]
[Date "2019.09.07"]
[Round "4.6"]
[White "Song, Yuxin"]
[Black "Yuan, Ye"]
[Result "1/2-1/2"]
[WhiteElo "2305"]
[BlackElo "2092"]
[Annotator "ChessBase"]
[PlyCount "75"]
[EventDate "2019.09.05"]
[EventType "swiss"]
[EventCountry "CHN"]
[SourceTitle "playchess.com"]
[Source "ChessBase"]
[SourceQuality "1"]
[TimeControl "5400+30"]

1. e4 {[%emt 0:00:00]} c5 {[%emt 0:00:00]} 2. Nf3 {[%emt 0:00:00]} e6 {[%emt 0:00:00]} 3. d4 {[%emt 0:00:00]} cxd4 {[%emt 0:00:01]} 4. Nxd4 {[%emt 0:00:00]} a6 {[%emt 0:00:16]} 5. c4 {[%emt 0:00:00]} Nf6 {[%emt 0:00:27]} 6. Nc3 {[%emt 0:00:06]} Bb4 {[%emt 0:00:46]} 7. Qd3 {[%emt 0:00:19]} Nc6 {[%emt 0:01:49]} 8. Nxc6 {[%emt 0:00:09]} dxc6 {[%emt 0:01:07]} 9. Qxd8+ {[%emt 0:00:09]} Kxd8 {[%emt 0:00:04]} 10. e5 {[%emt 0:00:05]} Ne4 {[%emt 0:01:44]} 11. a3 {[%emt 0:00:15]} Bxc3+ {[%emt 0:03:04]} 12. bxc3 {[%emt 0:00:02]} f6 {[%emt 0:07:17]} 13. Be3 {[%emt 0:14:33]} fxe5 {[%emt 0:06:19]} 14. Bb6+ {[%emt 0:10:24]} Ke7 {[%emt 0:01:36]} 15. a4 {[%emt 0:01:30]} Bd7 {[%emt 0:04:35]} 16. a5 {[%emt 0:05:46]} c5 {[%emt 0:19:42]} 17. Bd3 {[%emt 0:00:48]} Bc6 {[%emt 0:09:14]} 18. f3 {[%emt 0:04:12]} Nf6 {[%emt 0:00:37]} 19. Bxc5+ {[%emt 0:00:42]} Kf7 {[%emt 0:00:08]} 20. Be2 {[%emt 0:04:24]} Rhd8 {[%emt 0:04:34]} 21. Be3 {[%emt 0:08:54]} Rd7 {[%emt 0:03:30]} 22. Kf2 {[%emt 0:01:32]} h5 {[%emt 0:10:14]} 23. h3 {[%emt 0:05:56]} h4 {[%emt 0:03:55]} 24. Rhd1 {[%emt 0:06:24]} Rxd1 {[%emt 0:11:21]} 25. Rxd1 {[%emt 0:00:18]} e4 {[%emt 0:00:33]} 26. f4 {[%emt 0:07:36]} Re8 {[%emt 0:01:55]} 27. Bd4 {[%emt 0:03:03]} Nd7 {[%emt 0:03:33]} 28. Bg4 {[%emt 0:01:25]} Rg8 {[%emt 0:00:55]} 29. Be5 {[%emt 0:06:19]} Nc5 {[%emt 0:00:44]} 30. Rd6 {[%emt 0:00:29]} g6 {[%emt 0:01:36]} 31. Bd4 {[%emt 0:10:27]} Nd3+ {[%emt 0:00:05]} 32. Ke3 {[%emt 0:00:02]} Re8 {[%emt 0:00:08]} 33. Be2 {[%emt 0:01:39]} Ne1 {[%emt 0:02:25]} 34. Kf2 {[%emt 0:03:03]} Nd3+ {[%emt 0:00:05]} 35. Bxd3 {[%emt 0:00:16]} exd3 {[%emt 0:00:01]} 36. Bc5 {[%emt 0:00:01]} e5 {[%emt 0:00:27]} 37. Rxd3 {[%emt 0:01:51]} exf4 {[%emt 0:00:02]} 38. Bb6 {[%emt 0:01:58]} 1/2-1/2

[Event "Asian Zonal-ch 3.5 Women 2019"]
[Site "Zi Bo"]
[Date "2019.09.07"]
[Round "4.7"]
[White "Zhang, Lanlin"]
[Black "Ren, Xiaoyi"]
[Result "1/2-1/2"]
[WhiteElo "2203"]
[BlackElo "2231"]
[Annotator "ChessBase"]
[PlyCount "83"]
[EventDate "2019.09.05"]
[EventType "swiss"]
[EventCountry "CHN"]
[SourceTitle "playchess.com"]
[Source "ChessBase"]
[SourceQuality "1"]
[TimeControl "5400+30"]

1. e4 {[%emt 0:00:03]} e5 {[%emt 0:00:00]} 2. Nf3 {[%emt 0:03:33]} Nf6 {[%emt 0:00:00]} 3. Nxe5 {[%emt 0:00:13]} d6 {[%emt 0:00:00]} 4. Nf3 {[%emt 0:00:04]} Nxe4 {[%emt 0:00:02]} 5. Nc3 {[%emt 0:00:03]} Nxc3 {[%emt 0:00:04]} 6. dxc3 {[%emt 0:00:04]} Nc6 {[%emt 0:00:05]} 7. Be3 {[%emt 0:00:05]} Be7 {[%emt 0:00:04]} 8. Qd2 {[%emt 0:00:03]} Be6 {[%emt 0:00:07]} 9. O-O-O {[%emt 0:00:06]} Qd7 {[%emt 0:00:04]} 10. Kb1 {[%emt 0:00:04]} Bf6 {[%emt 0:00:06]} 11. Nd4 {[%emt 0:00:41]} Nxd4 {[%emt 0:03:09]} 12. Bxd4 {[%emt 0:00:09]} Bxd4 {[%emt 0:00:06]} 13. Qxd4 {[%emt 0:00:05]} O-O {[%emt 0:00:06]} 14. h4 {[%emt 0:00:02]} Rfe8 {[%emt 0:00:16]} 15. f3 {[%emt 0:00:15]} Qc6 {[%emt 0:00:30]} 16. Bd3 {[%emt 0:03:47]} Qc5 {[%emt 0:07:30]} 17. Rhe1 {[%emt 0:04:01]} Qxd4 {[%emt 0:01:55]} 18. cxd4 {[%emt 0:00:04]} h6 {[%emt 0:00:09]} 19. b3 {[%emt 0:00:10]} Kf8 {[%emt 0:00:05]} 20. Kb2 {[%emt 0:00:24]} Bd7 {[%emt 0:00:05]} 21. g4 {[%emt 0:00:08]} Bc6 {[%emt 0:00:05]} 22. Be4 {[%emt 0:00:03]} d5 {[%emt 0:00:11]} 23. Bd3 {[%emt 0:00:05]} Rxe1 {[%emt 0:00:09]} 24. Rxe1 {[%emt 0:00:03]} Re8 {[%emt 0:00:10]} 25. Rxe8+ {[%emt 0:00:07]} Kxe8 {[%emt 0:00:07]} 26. Kc3 {[%emt 0:00:14]} Ke7 {[%emt 0:00:05]} 27. Kd2 {[%emt 0:00:05]} Kd6 {[%emt 0:00:04]} 28. f4 {[%emt 0:01:05]} Bd7 {[%emt 0:00:14]} 29. f5 {[%emt 0:04:15]} f6 {[%emt 0:00:07]} 30. h5 {[%emt 0:00:17]} Be8 {[%emt 0:00:27]} 31. Bf1 {[%emt 0:00:44]} c5 {[%emt 0:01:03]} 32. Ke3 {[%emt 0:00:20]} b6 {[%emt 0:00:16]} 33. c3 {[%emt 0:00:08]} Bd7 {[%emt 0:00:03]} 34. b4 {[%emt 0:00:28]} c4 {[%emt 0:00:13]} 35. a3 {[%emt 0:00:05]} Be8 {[%emt 0:00:13]} 36. Be2 {[%emt 0:00:05]} Bd7 {[%emt 0:00:06]} 37. Bd1 {[%emt 0:01:22]} Be8 {[%emt 0:00:04]} 38. a4 {[%emt 0:00:42]} Bd7 {[%emt 0:00:09]} 39. Bc2 {[%emt 0:00:12]} Be8 {[%emt 0:00:02]} 40. Bd1 {[%emt 0:00:06]} Bd7 {[%emt 0:00:03]} 41. Bc2 {[%emt 0:00:04]} Be8 {[%emt 0:00:03]} 42. Bd1 {[%emt 0:00:03]} 1/2-1/2

[Event "Asian Zonal-ch 3.5 Women 2019"]
[Site "Zi Bo"]
[Date "2019.09.07"]
[Round "4.8"]
[White "Ning, Kaiyu"]
[Black "Zhao, Shengxin"]
[Result "1-0"]
[WhiteElo "2354"]
[BlackElo "2162"]
[Annotator "ChessBase"]
[PlyCount "107"]
[EventDate "2019.09.05"]
[EventType "swiss"]
[EventCountry "CHN"]
[SourceTitle "playchess.com"]
[Source "ChessBase"]
[SourceQuality "1"]
[TimeControl "5400+30"]

1. d4 {[%emt 0:00:00]} Nf6 {[%emt 0:00:04]} 2. c4 {[%emt 0:00:00]} e6 {[%emt 0:00:05]} 3. g3 {[%emt 0:00:00]} d5 {[%emt 0:00:13]} 4. Bg2 {[%emt 0:00:00]} dxc4 {[%emt 0:01:17]} 5. Nf3 {[%emt 0:00:07]} c6 {[%emt 0:02:16]} 6. Ne5 {[%emt 0:00:30]} c5 {[%emt 0:01:11]} 7. Na3 {[%emt 0:01:17]} cxd4 {[%emt 0:06:08]} 8. Naxc4 {[%emt 0:00:07]} Bc5 {[%emt 0:13:49]} 9. a3 {[%emt 0:00:02]} a5 {[%emt 0:03:39]} 10. Qa4+ {[%emt 0:00:03]} Nbd7 {[%emt 0:04:12]} 11. b4 {[%emt 0:00:50]} Be7 {[%emt 0:02:23]} 12. Bb2 {[%emt 0:01:26]} O-O {[%emt 0:00:52]} 13. Bxd4 {[%emt 0:01:31]} Nxe5 {[%emt 0:12:05]} 14. Bxe5 {[%emt 0:00:02]} Bd7 {[%emt 0:02:47]} 15. b5 {[%emt 0:00:43]} Nd5 {[%emt 0:01:34]} 16. O-O {[%emt 0:03:46]} Bf6 {[%emt 0:06:39]} 17. Rfd1 {[%emt 0:19:48]} Bxe5 {[%emt 0:14:59]} 18. Nxe5 {[%emt 0:00:01]} Be8 {[%emt 0:00:16]} 19. Bxd5 {[%emt 0:10:57]} exd5 {[%emt 0:00:12]} 20. Qb3 {[%emt 0:00:15]} Qb6 {[%emt 0:08:48]} 21. Rxd5 {[%emt 0:00:55]} Bc6 {[%emt 0:00:42]} 22. Nxc6 {[%emt 0:15:13]} bxc6 {[%emt 0:00:10]} 23. Rd6 {[%emt 0:00:11]} Qxb5 {[%emt 0:01:26]} 24. Qc2 {[%emt 0:00:09]} Qe5 {[%emt 0:05:29]} 25. Rad1 {[%emt 0:00:07]} Rac8 {[%emt 0:05:51]} 26. e3 {[%emt 0:00:34]} c5 {[%emt 0:01:19]} 27. R6d5 {[%emt 0:00:07]} Qc7 {[%emt 0:01:12]} 28. Qc4 {[%emt 0:00:14]} Qb6 {[%emt 0:00:27]} 29. Rc1 {[%emt 0:02:07]} Rfd8 {[%emt 0:00:47]} 30. Rxc5 {[%emt 0:01:28]} Rxc5 {[%emt 0:00:09]} 31. Qxc5 {[%emt 0:00:01]} Qb2 {[%emt 0:00:12]} 32. Qc3 {[%emt 0:02:33]} Qb5 {[%emt 0:01:26]} 33. Qc7 {[%emt 0:01:10]} Re8 {[%emt 0:01:09]} 34. Qc6 {[%emt 0:00:42]} Qb8 {[%emt 0:02:35]} 35. Rc5 {[%emt 0:00:29]} h6 {[%emt 0:00:19]} 36. Rxa5 {[%emt 0:01:47]} Rd8 {[%emt 0:00:20]} 37. Kg2 {[%emt 0:00:34]} Kh7 {[%emt 0:00:23]} 38. Rd5 {[%emt 0:02:41]} Rc8 {[%emt 0:00:22]} 39. Rb5 {[%emt 0:00:20]} Qxg3+ {[%emt 0:00:15]} 40. hxg3 {[%emt 0:00:22]} Rxc6 {[%emt 0:00:03]} 41. a4 {[%emt 0:00:18]} Rc4 {[%emt 0:01:13]} 42. a5 {[%emt 0:00:06]} Ra4 {[%emt 0:00:03]} 43. f4 {[%emt 0:01:15]} g6 {[%emt 0:01:30]} 44. g4 {[%emt 0:00:11]} Kg7 {[%emt 0:00:13]} 45. Kf3 {[%emt 0:00:14]} Ra3 {[%emt 0:00:18]} 46. Ke4 {[%emt 0:01:22]} Ra4+ {[%emt 0:00:33]} 47. Kd5 {[%emt 0:02:16]} Ra3 {[%emt 0:01:00]} 48. Kd4 {[%emt 0:08:22]} Ra4+ {[%emt 0:00:22]} 49. Kc5 {[%emt 0:01:31]} h5 {[%emt 0:00:28]} 50. gxh5 {[%emt 0:00:10]} gxh5 {[%emt 0:00:02]} 51. Kb6 {[%emt 0:00:06]} Kh6 {[%emt 0:01:08]} 52. a6 {[%emt 0:04:31]} h4 {[%emt 0:00:02]} 53. a7 {[%emt 0:00:08]} h3 {[%emt 0:00:22]} 54. Ra5 {[%emt 0:00:16]} 1-0